The Four Unpredictable Years/ (Record no. 178020)

MARC details
000 -LEADER
fixed length control field 00547nam a22001817a 4500
005 - DATE AND TIME OF LATEST TRANSACTION
control field 20210311174449.0
010 ## - LCCN (DPL NO)
LC control number ENG-129219
020 ## - INTERNATIONAL STANDARD BOOK NUMBER
International Standard Book Number 978-93-90396-06-1
Terms of availability 112.00
035 ## - SYSTEM CONTROL NUMBER
System control number EN-112751
037 ## - SOURCE OF ACQUISITION
Source of stock number/acquisition DBAD/PUB
082 ## - DEWEY DECIMAL CLASSIFICATION NUMBER
Classification number 158
100 ## - MAIN ENTRY--PERSONAL NAME
Personal name Bansal, Shivam
245 ## - TITLE STATEMENT
Title The Four Unpredictable Years/
Statement of responsibility, etc Shivam Bansal
260 ## - PUBLICATION, DISTRIBUTION, ETC. (IMPRINT)
Place of publication, distribution, etc Delhi
Name of publisher, distributor, etc Blue Rose Publishers
Date of publication, distribution, etc 2020
270 ## - ADDRESS
City Delhi
Postal code 110002
Address 4233/1, Ansari Road, Darya Ganj
Electronic mail address info@bluerosepublishers.com
300 ## - PHYSICAL DESCRIPTION
Extent 34p.
Dimensions 20cm(pbk)
942 ## - ADDED ENTRY ELEMENTS (KOHA)
Source of classification or shelving scheme Dewey Decimal Classification
Item type English Books
Classification part 158
Call number suffix BAN
Holdings
Withdrawn status Lost status Not for loan Collection code Home library Current library Date acquired Source of acquisition Cost, normal purchase price Full call number Barcode Copy number Cost, replacement price Koha item type
      Non-fiction Ashok Vihar Ashok Vihar 11/03/2021 DBAD/PUB 112.00 158 BAN EN-112751 1 112.00 English Books

© Delhi Public Library
Hit Counter
free hit counter